| 000 | 00411nam a22001577a 4500 | ||
|---|---|---|---|
| 003 | OSt | ||
| 005 | 20231003054242.0 | ||
| 008 | 231003b |||||||| |||| 00| 0 eng d | ||
| 040 | _cNOIDA,IIMT COLLEGE OF MANAGEMENT | ||
| 100 | _aHUNGER, DAVID J. | ||
| 245 | _aESSENTIALS OF STRATEGIC MANAGEMENT | ||
| 250 | _a3RD | ||
| 260 |
_aNEW DELHI _bPRENTICE HALL OF INDIA _c2003 |
||
| 300 | _a191 | ||
| 942 |
_2ddc _c02 _e3RD |
||
| 999 |
_c57205 _d57205 |
||